Introduction to Python Programming and Data Structures 3/e

Salvato in:
Dettagli Bibliografici
Autore principale: Liang
Natura: Libro
Pubblicazione: Pearson
Tags: Aggiungi Tag
Nessun Tag, puoi essere il primo ad aggiungerne!!

MARC

LEADER 00000nam a2200000Ia 4500
005 20260513122051.0
020 |a 9789357055284 
100 |a Liang 
365 |c Rs. 
365 |b 25.00 
942 |c BK 
245 |a Introduction to Python Programming and Data Structures 3/e 
260 |b Pearson 
999 |c 58  |d 58 
952 |0 0  |1 0  |4 0  |7 0  |a UNSW  |b UNSW  |d 2026-05-06  |g 995.00  |i 16686  |l 0  |p 000092  |r 2026-05-13 12:20:51  |v 995.00  |w 2026-05-13  |y BK